Rappeur français avec un titre 6 - Statistiques

Statistiques générales
  • Ce quiz a été pris 2 853 fois
  • Le résultat moyen est 10 sur 15
Statistiques - réponses
Titre Rappeur % Correct
J'suis QLF PNL
93%
Feu de bois Damso
92%
Avant la douane Jul
91%
Salé Niska
91%
Emotif PLK
83%
La terre est ronde Orelsan
82%
XS Josman
73%
Champs Elysee SCH
72%
Gotaga Vald
62%
Côte Ouest 47Ter
56%
1,2,3 Soleil Naza
55%
Bitch (ft Vald) Lefa
52%
Dommage Bigflo & Oli
51%
Mi Amor Hamza
49%
Tout l'monde s'en fout Sofian
37%
Aucun quiz correspondant
Distribution des résultats
% des personnes avec chaque résultat
Percentile par nombre de réponses
Votre historique - résultats
Vous n’avez pas pris ce quiz